[Event "Fagernes op"]
[Site "Fagernes"]
[Date "2020.10.11"]
[Round "9"]
[White "Andersen, Guttorm"]
[Black "Rynning, Rune Kleiven"]
[Result "0-1"]
[WhiteElo "1800"]
[BlackElo "1678"]
[PlyCount "88"]
[EventDate "2020.10.04"]
[EventType "swiss"]
[EventRounds "9"]
[EventCountry "NOR"]
[SourceTitle "EXT 2024"]
[Source "ChessBase"]
[SourceDate "2023.10.10"]
[SourceVersion "1"]
[SourceVersionDate "2023.10.10"]
[SourceQuality "1"]

1. g3 d5 2. f4 Nf6 3. Nf3 c5 4. Bg2 Nc6 5. 0-0 Qc7 6. d3 b6 7. Nbd2 Bb7 8. e4 dxe4 9. dxe4 Rd8 10. Re1 e6 11. c3 c4 12. Qe2 Bc5+ 13. Kh1 b5 14. h3 0-0 15. e5 Nd7 16. Ne4 Ne7 17. a4 a6 18. axb5 axb5 19. Nd4 Bxd4 20. cxd4 Nf5 21. Qf2 Nb6 22. Rd1 Nd5 23. g4 Nfe7 24. Nd6 Bc6 25. Qg3 Nb4 26. Bd2 Ned5 27. Kh2 Ra8 28. f5 Qb6 29. f6 Rxa1 30. Rxa1 Nc2 31. fxg7 Rd8 32. Rf1 Rd7 33. Be4 Qxd4 34. Bc3 Nxc3 35. bxc3 Ne3 36. Bxh7+ Kxg7 37. Nf5+ exf5 38. gxf5+ Kxh7 39. Re1 Qd2+ 40. Kg1 Qg2+ 41. Qxg2 Nxg2 42. Re2 Nf4 43. Re3 Rd3 44. Re1 Rxh3 0-1

[Event "Fagernes op"]
[Site "Fagernes"]
[Date "2020.10.06"]
[Round "1"]
[White "Andersen, Guttorm"]
[Black "Smedsrud, Morten S"]
[Result "1-0"]
[WhiteElo "1800"]
[BlackElo "1487"]
[PlyCount "65"]
[EventDate "2020.10.04"]
[EventType "swiss"]
[EventRounds "9"]
[EventCountry "NOR"]
[SourceTitle "EXT 2024"]
[Source "ChessBase"]
[SourceDate "2023.10.10"]
[SourceVersion "1"]
[SourceVersionDate "2023.10.10"]
[SourceQuality "1"]

1. d4 d5 2. c4 c6 3. Nc3 Nf6 4. Nf3 e6 5. e3 Nbd7 6. Bd3 dxc4 7. Bxc4 b5 8. Bd3 a6 9. a3 Bb7 10. b4 Bd6 11. Bd2 0-0 12. 0-0 Re8 13. Rc1 h6 14. Ne4 Nxe4 15. Bxe4 Rc8 16. Bc3 Nb6 17. Bb1 Nc4 18. Qd3 f5 19. Ba2 c5 20. Bxc4 bxc4 21. Qe2 cxb4 22. Bxb4 Bd5 23. Bxd6 Qxd6 24. Rc3 Bxf3 25. Qxf3 Qd5 26. Rfc1 Rb8 27. Qe2 Rec8 28. h3 Qa5 29. Rxc4 Rxc4 30. Qxc4 Qb6 31. d5 e5 32. d6+ Kh7 33. Qe6 1-0

[Event "Oslo op"]
[Site "Fornebu"]
[Date "2016.10.02"]
[Round "3"]
[White "Andersen, Guttorm"]
[Black "Tryggestad, Andreas Garberg"]
[Result "1/2-1/2"]
[WhiteElo "1836"]
[BlackElo "2224"]
[PlyCount "107"]
[EventDate "2016.09.30"]
[EventType "swiss"]
[EventRounds "9"]
[EventCountry "NOR"]
[SourceTitle "EXT 2017"]
[Source "ChessBase"]
[SourceDate "2016.10.25"]
[SourceVersion "1"]
[SourceVersionDate "2016.10.25"]
[SourceQuality "1"]

1. d4 Nf6 2. c4 g6 3. Nc3 d5 4. Nf3 Bg7 5. Qb3 dxc4 6. Qxc4 0-0 7. e4 c6 8. Be2 b5 9. Qb3 a5 10. a3 Na6 11. Qc2 Be6 12. 0-0 Rc8 13. Be3 Qd7 14. Ng5 Ng4 15. Nxe6 Qxe6 16. b4 Nxe3 17. fxe3 axb4 18. axb4 Nxb4 19. Qb1 Nd5 20. Nxd5 cxd5 21. Qb3 Qxe4 22. Bf3 Qc2 23. Qxd5 b4 24. Rab1 Qd2 25. Qb3 e6 26. Rfd1 Qc3 27. Rd3 Qxb3 28. Rdxb3 Rc3 29. Kf2 Rxb3 30. Rxb3 Rb8 31. Ke2 f5 32. Kd3 e5 33. dxe5 Bxe5 34. g3 Rd8+ 35. Kc4 Bc3 36. Bd5+ Kg7 37. Rb1 Kf6 38. Rd1 Ke5 39. Rd3 Be1 40. Bf3 Rxd3 41. Kxd3 Bf2 42. Bd1 Bg1 43. h3 Bf2 44. g4 f4 45. exf4+ Kxf4 46. Kc4 Be1 47. h4 Ke3 48. h5 Kd2 49. Bf3 g5 50. Kb3 Ke3 51. Bd5 Bc3 52. Bg8 Kf4 53. Be6 h6 54. Bf5 1/2-1/2

[Event "Oslo Stjernens op"]
[Site "Oslo"]
[Date "2016.03.11"]
[Round "1"]
[White "Tryggestad, Andreas Garberg"]
[Black "Andersen, Guttorm"]
[Result "1-0"]
[WhiteElo "2198"]
[BlackElo "1826"]
[PlyCount "95"]
[EventDate "2016.03.11"]
[EventType "swiss"]
[EventRounds "5"]
[EventCountry "NOR"]
[SourceTitle "EXT 2019"]
[Source "ChessBase"]
[SourceDate "2018.10.10"]
[SourceVersion "1"]
[SourceVersionDate "2018.10.10"]
[SourceQuality "1"]

1. e4 e5 2. Nf3 Nf6 3. Nxe5 d6 4. Nf3 Nxe4 5. d4 d5 6. Bd3 Bd6 7. 0-0 0-0 8. c4 c6 9. Nc3 f5 10. cxd5 Nxc3 11. bxc3 cxd5 12. Qb3 Kh8 13. Bg5 Qd7 14. Rfe1 Nc6 15. Rad1 Na5 16. Qc2 Nc4 17. Ne5 Qc7 18. Bxc4 dxc4 19. Qe2 b5 20. Qh5 Kg8 21. a4 Bd7 22. Nxd7 Qxd7 23. axb5 Rab8 24. Qe2 Qc7 25. Qe6+ Kh8 26. h4 Rxb5 27. Be7 Bxe7 28. Qxe7 Qb8 29. d5 Rb7 30. Qe6 Qd8 31. Re5 Rbf7 32. d6 Qd7 33. Qxd7 Rxd7 34. Rc5 g6 35. Rxc4 Rfd8 36. Rc6 Kg7 37. c4 Kf7 38. f4 Ke6 39. Re1+ Kf6 40. c5 a5 41. Ra6 Rc8 42. Rxa5 Rc6 43. Re5 g5 44. g3 gxf4 45. gxf4 Rb7 46. Ra8 Rf7 47. Kf2 h6 48. Kg3 1-0

[Event "Asker CC-ch Class A"]
[Site "Asker"]
[Date "2016.02.08"]
[Round "3"]
[White "Nilsen, Jon"]
[Black "Andersen, Guttorm"]
[Result "0-1"]
[WhiteElo "1274"]
[BlackElo "1690"]
[PlyCount "110"]
[EventDate "2016.01.11"]
[EventType "swiss"]
[EventRounds "9"]
[EventCountry "NOR"]
[SourceTitle "EXT 2024"]
[Source "ChessBase"]
[SourceDate "2023.10.10"]
[SourceVersion "1"]
[SourceVersionDate "2023.10.10"]
[SourceQuality "1"]

1. e4 e6 2. d4 d5 3. Nc3 dxe4 4. Nxe4 Nd7 5. Nf3 Ngf6 6. Bg5 Be7 7. Nxf6+ Nxf6 8. Bd3 0-0 9. 0-0 b6 10. Ne5 Bb7 11. c4 c5 12. dxc5 Bxc5 13. Qd2 Ne4 14. Bxd8 Nxd2 15. Rfd1 Raxd8 16. Rxd2 Bd4 17. Ng4 h5 18. Ne3 Bf6 19. Rad1 g6 20. a3 Rd7 21. Be2 Rxd2 22. Rxd2 Rd8 23. Rxd8+ Bxd8 24. b4 Be7 25. Nc2 Be4 26. Nd4 a5 27. bxa5 bxa5 28. a4 Bc5 29. Nb3 Bb4 30. c5 Bd5 31. c6 Bxc6 32. Bb5 Bxb5 33. axb5 a4 34. Nc1 Ba5 35. Kf1 Kf8 36. Ke2 Ke7 37. Kd3 Kd6 38. Kc4 Bb6 39. Kb4 Bxf2 40. Kxa4 Be1 41. Nd3 Bc3 42. Nb4 Bxb4 43. Kxb4 e5 44. b6 Kc6 45. Ka5 Kb7 46. Kb5 e4 47. Kc4 Kxb6 48. Kd4 f5 49. Ke3 Kc5 50. h4 Kd5 51. g3 Ke5 52. Kd2 Kd4 53. Ke2 e3 54. Kd1 Kd3 55. Ke1 e2 0-1

[Event "Asker CC-ch Class A"]
[Site "Asker"]
[Date "2016.01.25"]
[Round "2"]
[White "Andersen, Guttorm"]
[Black "Syse, Knut"]
[Result "1-0"]
[WhiteElo "1690"]
[BlackElo "1313"]
[PlyCount "97"]
[EventDate "2016.01.11"]
[EventType "swiss"]
[EventRounds "9"]
[EventCountry "NOR"]
[SourceTitle "EXT 2024"]
[Source "ChessBase"]
[SourceDate "2023.10.10"]
[SourceVersion "1"]
[SourceVersionDate "2023.10.10"]
[SourceQuality "1"]

1. d4 d5 2. c4 e6 3. Nf3 Nf6 4. e3 Be7 5. Nc3 0-0 6. Qc2 Nbd7 7. b3 b6 8. cxd5 exd5 9. Bd3 h6 10. 0-0 Bb7 11. Bb2 Re8 12. a3 c6 13. b4 b5 14. Rac1 a5 15. Qb3 a4 16. Qc2 Bd6 17. Rfe1 Nb6 18. e4 Bc7 19. e5 Nfd7 20. Nxb5 cxb5 21. Qxc7 Qxc7 22. Rxc7 Ba6 23. Rec1 Rec8 24. Nd2 Rxc7 25. Rxc7 Rc8 26. Rxc8+ Nxc8 27. Nb1 Ncb6 28. Nc3 Nc4 29. Bc1 Ndb6 30. f4 Kf8 31. f5 Ke8 32. Be2 Kd7 33. Bh5 Ke7 34. Bf3 f6 35. Nxd5+ Nxd5 36. Bxd5 fxe5 37. Bxc4 bxc4 38. dxe5 h5 39. Kf2 Bc8 40. Bg5+ Ke8 41. f6 gxf6 42. exf6 Be6 43. Ke3 Kd7 44. Kd4 Kd6 45. h3 Bf7 46. b5 c3 47. Bf4+ Ke6 48. b6 Kd7 49. b7 1-0

[Event "Politiken Cup 36th"]
[Site "Helsingor"]
[Date "2014.07.27"]
[Round "8"]
[White "Nilssen, Ellen Fredericia"]
[Black "Andersen, Guttorm"]
[Result "0-1"]
[WhiteElo "1646"]
[BlackElo "1845"]
[PlyCount "50"]
[EventDate "2014.07.21"]
[EventType "swiss"]
[EventRounds "10"]
[EventCountry "DEN"]
[SourceTitle "CBM 161 Extra"]
[Source "ChessBase"]
[SourceDate "2014.08.29"]
[SourceVersion "1"]
[SourceVersionDate "2014.08.29"]
[SourceQuality "1"]

1. d4 Nf6 2. c4 e6 3. Nc3 Bb4 4. Qc2 d5 5. a3 Bxc3+ 6. Qxc3 b6 7. Bg5 Bb7 8. f3 0-0 9. e3 Nbd7 10. Be2 Rc8 11. Nh3 h6 12. Bh4 c5 13. dxc5 dxc4 14. Bxc4 Rxc5 15. b4 Rc6 16. b5 Rc5 17. Qb4 Qc7 18. Bb3 Qe5 19. 0-0 Rxb5 20. Qa4 Qxe3+ 21. Kh1 Qxb3 22. Qxa7 Nc5 23. Rab1 Qxb1 24. Rxb1 Rxb1+ 25. Ng1 Ra8 0-1

[Event "Barcelona Sant Marti op-A 15th"]
[Site "Barcelona"]
[Date "2013.07.14"]
[Round "2"]
[White "Andersen, Guttorm"]
[Black "Tarrago Domingo, Miguel"]
[Result "0-1"]
[WhiteElo "1772"]
[BlackElo "2034"]
[PlyCount "128"]
[EventDate "2013.07.13"]
[EventType "swiss"]
[EventRounds "9"]
[EventCountry "ESP"]
[SourceTitle "CBM 155 Extra"]
[Source "ChessBase"]
[SourceDate "2013.08.26"]
[SourceVersion "1"]
[SourceVersionDate "2013.08.26"]
[SourceQuality "1"]

1. d4 d5 2. c4 c6 3. Nf3 Nf6 4. e3 g6 5. Bd3 Bg7 6. 0-0 0-0 7. Nbd2 Nbd7 8. Qc2 Re8 9. Rb1 e5 10. dxe5 Nxe5 11. Nxe5 Rxe5 12. Nf3 Re8 13. c5 Ne4 14. b4 a6 15. a4 Qe7 16. Bb2 Bxb2 17. Qxb2 a5 18. Bxe4 Qxe4 19. Qd4 Bf5 20. Rb2 axb4 21. Rxb4 Qxd4 22. Nxd4 Bd3 23. Ra1 Re7 24. Rb2 Ra5 25. Nb3 Ra8 26. Nd4 Bc4 27. a5 Rc8 28. Rab1 Rcc7 29. Rb6 Kf8 30. g4 Kg7 31. h4 Ba6 32. Kg2 Re5 33. R1b3 Re4 34. Kg3 Ree7 35. h5 Re5 36. f4 Re4 37. hxg6 hxg6 38. Kf3 Re8 39. f5 Kf6 40. fxg6 fxg6 41. Nb5 Bxb5 42. R3xb5 Ra8 43. a6 bxa6 44. Ra5 Ke5 45. Raxa6 Rxa6 46. Rxa6 d4 47. Ra8 Rf7+ 48. Ke2 dxe3 49. Rd8 Ke4 50. Re8+ Kd5 51. Kxe3 Rf6 52. Rg8 Kxc5 53. Ke4 Re6+ 54. Kf4 Kd4 55. Rd8+ Kc4 56. Kg5 c5 57. Kf4 Kc3 58. g5 c4 59. Rf8 Kd3 60. Rf6 Re4+ 61. Kf3 c3 62. Rc6 Rc4 63. Rd6+ Rd4 64. Rxg6 c2 0-1

[Event "NOR-ch Class2"]
[Site "Lillehammer"]
[Date "2013.06.29"]
[Round "9"]
[White "Pettersen, Joran Sten"]
[Black "Andersen, Guttorm"]
[Result "1/2-1/2"]
[WhiteElo "1534"]
[BlackElo "1546"]
[PlyCount "78"]
[EventDate "2013.06.29"]
[EventType "swiss"]
[EventRounds "9"]
[EventCountry "NOR"]
[SourceTitle "EXT 2017"]
[Source "ChessBase"]
[SourceDate "2016.10.25"]
[SourceVersion "1"]
[SourceVersionDate "2016.10.25"]
[SourceQuality "1"]

1. d4 Nf6 2. Nf3 d5 3. c3 e6 4. Bg5 Bd6 5. e3 0-0 6. Bd3 Nbd7 7. Nbd2 c5 8. 0-0 Qc7 9. Re1 e5 10. dxe5 Nxe5 11. Nxe5 Bxe5 12. Nf3 Bg4 13. h3 Bh5 14. Be2 Rad8 15. Nxe5 Bxe2 16. Rxe2 Qxe5 17. Bxf6 Qxf6 18. Rd2 Qe6 19. c4 d4 20. exd4 Qxc4 21. d5 Rd6 22. b3 Qe4 23. Rc1 b6 24. Rc4 Qf5 25. Rc3 Rfd8 26. Rf3 h6 27. Kh2 a6 28. a4 b5 29. axb5 axb5 30. Kg1 Qe5 31. Re3 Qf6 32. Rf3 Qe5 33. Re3 Qf5 34. Rf3 Qd7 35. Rfd3 Qb7 36. Qf3 c4 37. bxc4 bxc4 38. Rc3 Qb5 39. Qe4 Rxd5 1/2-1/2

[Event "NOR-ch Class2"]
[Site "Lillehammer"]
[Date "2013.06.29"]
[Round "4"]
[White "Snerthammer, Daniel"]
[Black "Andersen, Guttorm"]
[Result "1-0"]
[WhiteElo "1715"]
[BlackElo "1546"]
[PlyCount "37"]
[EventDate "2013.06.29"]
[EventType "swiss"]
[EventRounds "9"]
[EventCountry "NOR"]
[SourceTitle "EXT 2017"]
[Source "ChessBase"]
[SourceDate "2016.10.25"]
[SourceVersion "1"]
[SourceVersionDate "2016.10.25"]
[SourceQuality "1"]

1. e4 d5 2. exd5 Nf6 3. d4 Nxd5 4. c4 Nf6 5. Nf3 e6 6. Nc3 c5 7. Be3 cxd4 8. Nxd4 Bb4 9. Qa4+ Nc6 10. Nxc6 Bxc3+ 11. bxc3 Qd7 12. c5 bxc6 13. Rd1 Qc7 14. Bf4 e5 15. Bg3 Nd5 16. Rxd5 0-0 17. Rd6 Rb8 18. Bd3 f6 19. 0-0 1-0

[Event "Oslo op ELO"]
[Site "Oslo"]
[Date "2011.10.02"]
[Round "8"]
[White "Bue, Gunnar"]
[Black "Andersen, Guttorm"]
[Result "0-1"]
[WhiteElo "1772"]
[BlackElo "1789"]
[PlyCount "72"]
[EventDate "2011.10.02"]
[EventType "swiss"]
[EventRounds "9"]
[EventCountry "NOR"]
[SourceTitle "EXT 2023"]
[Source "ChessBase"]
[SourceDate "2022.10.05"]
[SourceVersion "1"]
[SourceVersionDate "2022.10.05"]
[SourceQuality "1"]

1. d4 d5 2. c4 c6 3. Nf3 Nf6 4. e3 e6 5. Bd3 dxc4 6. Bxc4 Nbd7 7. 0-0 b5 8. Bd3 a6 9. Nc3 Bb7 10. Bd2 c5 11. Rc1 cxd4 12. exd4 Bd6 13. Re1 0-0 14. Bg5 Be7 15. Qe2 Qa5 16. Ne5 Nxe5 17. dxe5 Nd5 18. Bd2 Nxc3 19. Rxc3 Bb4 20. Bxh7+ Kxh7 21. Qh5+ Kg8 22. Rh3 f5 23. exf6 Rxf6 24. Qh8+ Kf7 25. Qh5+ Ke7 26. Bg5 Bxe1 27. Bxf6+ Kxf6 28. Qh4+ Kf7 29. Qh5+ Ke7 30. Qc5+ Kd7 31. Qd4+ Bd5 32. Qxg7+ Kd6 33. Re3 Bxf2+ 34. Kxf2 Qd2+ 35. Re2 Qf4+ 36. Kg1 Rc8 0-1

[Event "Oslo op ELO"]
[Site "Oslo"]
[Date "2011.10.02"]
[Round "6"]
[White "Olsen, Ulrik"]
[Black "Andersen, Guttorm"]
[Result "1-0"]
[WhiteElo "1640"]
[BlackElo "1789"]
[PlyCount "91"]
[EventDate "2011.10.02"]
[EventType "swiss"]
[EventRounds "9"]
[EventCountry "NOR"]
[SourceTitle "EXT 2023"]
[Source "ChessBase"]
[SourceDate "2022.10.05"]
[SourceVersion "1"]
[SourceVersionDate "2022.10.05"]
[SourceQuality "1"]

1. e4 d5 2. exd5 Qxd5 3. Nf3 Bg4 4. Be2 e5 5. c4 Qe6 6. 0-0 Nc6 7. Re1 Bxf3 8. Bxf3 0-0-0 9. Qa4 Nb4 10. Qxa7 Qa6 11. Bg4+ Rd7 12. Bxd7+ Kxd7 13. Qxa6 bxa6 14. Na3 Bd6 15. d3 Nxd3 16. Rd1 e4 17. Nc2 Ke6 18. Ne1 Ne5 19. b3 f5 20. Bf4 Nf6 21. Bxe5 Kxe5 22. Nc2 a5 23. Ne3 Bc5 24. h3 Bd4 25. Rac1 c5 26. Rc2 h5 27. Rcd2 f4 28. Nc2 Rd8 29. a3 e3 30. Re2 Ke4 31. fxe3 fxe3 32. Nxe3 Rb8 33. Rxd4+ cxd4 34. Nd5+ Kd3 35. Nf4+ Kc3 36. b4 g5 37. Ne6 d3 38. Rf2 Ne4 39. Rf3 axb4 40. axb4 Kxc4 41. Nc5 Nxc5 42. bxc5 Rb1+ 43. Rf1 Rxf1+ 44. Kxf1 d2 45. Ke2 Kc3 46. Kd1 1-0

[Event "Politiken Cup 33rd"]
[Site "Helsingor"]
[Date "2011.08.07"]
[Round "10"]
[White "Hviid, Hans Henrik"]
[Black "Andersen, Guttorm"]
[Result "0-1"]
[WhiteElo "1319"]
[BlackElo "1768"]
[PlyCount "104"]
[EventDate "2011.07.30"]
[EventType "swiss"]
[EventRounds "10"]
[EventCountry "DEN"]
[SourceTitle "CBM 143 Extra"]
[Source "ChessBase"]
[SourceDate "2011.08.29"]
[SourceVersion "1"]
[SourceVersionDate "2011.08.29"]
[SourceQuality "1"]

1. f4 c5 2. Nf3 Nc6 3. g3 e6 4. c3 b6 5. Bg2 Qc7 6. 0-0 d5 7. b3 Nf6 8. Bb2 Bd6 9. e3 Bb7 10. d4 Ba6 11. Re1 c4 12. b4 b5 13. a4 0-0 14. Na3 bxa4 15. Qxa4 Qb6 16. Rab1 Rab8 17. Ba1 Bc8 18. Ne5 Ne7 19. h3 Nf5 20. Kf2 Rb7 21. Qc2 Be7 22. g4 Nd6 23. Rb2 Nfe4+ 24. Bxe4 Nxe4+ 25. Kg2 f6 26. Nexc4 Qa6 27. Na5 Rc7 28. c4 Bxb4 29. Rxb4 Qxa5 30. Qb2 dxc4 31. Rb1 Ba6 32. Qc2 Qd5 33. Kg1 Rfc8 34. Bc3 Bb7 35. Rb5 Qc6 36. Ba5 Rd7 37. Qg2 c3 38. Rc1 Ba6 39. Rbb1 Bd3 40. Nc2 Qa4 41. Ra1 Qc4 42. Nb4 Nd2 43. Nxd3 Qxd3 44. Ra2 Qxe3+ 45. Qf2 Nf3+ 46. Kg2 Qxc1 47. Kxf3 Qd1+ 48. Kg2 Rxd4 49. Rc2 Qxc2 50. Qxc2 Rd2+ 51. Qxd2 cxd2 52. Bxd2 Rc2 0-1